MARC details
| 000 -LEADER |
| fixed length control field |
01297cam a2200361 a 4500 |
| 001 - CONTROL NUMBER |
| control field |
3261657 |
| 003 - CONTROL NUMBER IDENTIFIER |
| control field |
OSt |
| 005 - DATE AND TIME OF LATEST TRANSACTION |
| control field |
20230703162343.0 |
| 008 - FIXED-LENGTH DATA ELEMENTS--GENERAL INFORMATION |
| fixed length control field |
820112s1982 ctua b i001 0 eng |
| 010 ## - LIBRARY OF CONGRESS CONTROL NUMBER |
| LC control number |
81022566 |
| 020 ## - INTERNATIONAL STANDARD BOOK NUMBER |
| International Standard Book Number |
0313233942 (set) |
| 020 ## - INTERNATIONAL STANDARD BOOK NUMBER |
| International Standard Book Number |
0313233950 (lib. bdg. : v. 1) |
| 020 ## - INTERNATIONAL STANDARD BOOK NUMBER |
| International Standard Book Number |
0313233969 (lib. bdg. : v. 2) |
| 040 ## - CATALOGING SOURCE |
| Original cataloging agency |
DLC |
| Transcribing agency |
DLC |
| Modifying agency |
DLC |
| -- |
OCoLC |
| 041 1# - LANGUAGE CODE |
| Language code of text/sound track or separate title |
engfre |
| 050 00 - LIBRARY OF CONGRESS CALL NUMBER |
| Classification number |
K3240.6 |
| Item number |
.D5513 1982 |
| 082 00 - DEWEY DECIMAL CLASSIFICATION NUMBER |
| Classification number |
341.48/1 |
| Edition number |
19 |
| Item number |
WAS |
| 130 0# - MAIN ENTRY--UNIFORM TITLE |
| Uniform title |
Dimensions internationales des droits de l'homme. |
| Language of a work |
English |
| 245 14 - TITLE STATEMENT |
| Title |
The International dimensions of human rights / |
| Statement of responsibility, etc. |
Karel Vasak, general editor ; revised and edited for the English edition by Philip Alston. |
| 260 ## - PUBLICATION, DISTRIBUTION, ETC. (IMPRINT) |
| Place of publication, distribution, etc. |
Westport, Conn. : |
| Name of publisher, distributor, etc. |
Greenwood Press ; |
| Place of publication, distribution, etc. |
Paris, France : |
| Name of publisher, distributor, etc. |
Unesco, |
| Date of publication, distribution, etc. |
1982. |
| 300 ## - PHYSICAL DESCRIPTION |
| Extent |
2 v. (755 p.) : |
| Other physical details |
1 ill. ; |
| Dimensions |
25 cm. |
| 500 ## - GENERAL NOTE |
| General note |
Translation of: Les dimensions internationales des droits de l'homme. |
| 500 ## - GENERAL NOTE |
| General note |
Illustrative matter on folded leaf in pocket at end of v. 2. |
| 500 ## - GENERAL NOTE |
| General note |
Includes indexes. |
| 504 ## - BIBLIOGRAPHY, ETC. NOTE |
| Bibliography, etc |
Bibliography: v. 2, p. [687]-738. |
| 650 #0 - SUBJECT ADDED ENTRY--TOPICAL TERM |
| Topical term or geographic name as entry element |
Human rights. |
| 650 #0 - SUBJECT ADDED ENTRY--TOPICAL TERM |
| Topical term or geographic name as entry element |
Civil rights. |
| 700 1# - ADDED ENTRY--PERSONAL NAME |
| Personal name |
Vasak, Karel. |
| 700 1# - ADDED ENTRY--PERSONAL NAME |
| Personal name |
Alston, Philip. |
| 710 2# - ADDED ENTRY--CORPORATE NAME |
| Corporate name or jurisdiction name as entry element |
Unesco. |
| 906 ## - LOCAL DATA ELEMENT F, LDF (RLIN) |
| a |
7 |
| b |
cbc |
| c |
orignew |
| d |
1 |
| e |
ocip |
| f |
19 |
| g |
y-gencatlg |
| 942 ## - ADDED ENTRY ELEMENTS (KOHA) |
| Source of classification or shelving scheme |
Dewey Decimal Classification |
| Koha item type |
Books |